| 000 | 00941nam a2200241Ia 4500 | ||
|---|---|---|---|
| 003 | GCL | ||
| 008 | 140319s9999 xx 000 0 ara d | ||
| 040 |
_aGCL / _cGCL |
||
| 082 | 0 | 4 |
_aد _b320.96 _bع م |
| 100 | 1 | _aعبدالملك عوده | |
| 245 | 1 | 0 |
_aالمتغيرات السياسية فى افريقيا 2004 ( كتاب الاهرام الاقتصادى ع 208 - ابريل 2005 ) / _cعبدالملك عوده |
| 250 | _aالاولى | ||
| 260 |
_aالقاهرة : _bمؤسسة الاهرام ، _c2006 |
||
| 300 |
_a87 ص ؛ _c24 سم |
||
| 490 |
_aكتاب الاهرام الاقتصادى _v208 |
||
| 650 | 0 | 4 | _aمجلس الامن |
| 650 | 0 | 4 | _aدارفور |
| 650 | 0 | 4 | _aالسودان - الاحوال الاجتماعية |
| 650 | 0 | 4 | _aافريقيا - الاحوال السياسية |
| 650 | 0 | 4 | _aالارهاب - العالم العربى |
| 650 | 0 | 4 | _aالانتخابات الرئاسية |
| 942 |
_2ddc _cBK |
||
| 999 |
_c8784 _d8784 |
||